Dragon Ball Super: Tournament of Power Fighters Quiz Stats

 Plays Quiz not verified by Sporcle

Score 0/80 Timer 08:00
2 Plays Today
% Correct
Krillin
68.8%
Master Roshi
67.8%
Goku
67.5%
Vegeta
66.7%
Gohan
66.4%
Piccolo
66.3%
Tien
66%
Android #18
65.7%
Hit
65.7%
Frost
64.9%
Frieza
64.9%
Android #17
64.6%
Cabba
64.4%
Caulifla
63.9%
Jiren
63.6%
Toppo
63.1%
Kale
61.6%
Dyspo
61.5%
Rebrianne
61.2%
Botamo
59.2%
Auta Magetta
57.9%
Dr. Rota
55.5%
Basil
54%
Bergamo
54%
Lavender
53.9%
Paparoni
51.1%
Maji Kayo
51.1%
Jimeze
48.5%
Monna
47.5%
Kahseral
47.1%
Kakunsa
46.5%
Nink
46.4%
Rozie
45.9%
Cocotte
45.9%
Katopesla
45.6%
Damon
45.2%
Bollarator
45.1%
Ganos
45.1%
Tupper
45.1%
Napapa
45%
% Correct
Narirama
45%
Nigrisshi
44.8%
Lilibeu
44.8%
Caway
44.7%
Vuon
44.6%
The Preecho
44.5%
Vikal
44.4%
Obuni
43.8%
Saonel
43.3%
Majora
43.3%
Prum
43.2%
Zarbuto
42.6%
Kunshi
42.3%
Zoiray
41.6%
Hop
41.1%
Gamisaras
40.9%
Shosa
40.8%
Hermila
40.6%
Pilina
40.6%
Rabanra
40.4%
Shantza
40.4%
Murichim
40.3%
Dercori
39.6%
Kettol
39.1%
Oregano
38.4%
Zirloin
38.1%
Methiop
37.8%
Sorrel
37.2%
Rubalt
37.2%
Hyssop
37%
Koitsukai
36.9%
Jirasen
36.6%
Panchia
36.5%
Chappil
36.5%
Roselle
35.5%
Jilcol
35.4%
Jium
35.4%
Murisam
35.4%
Viara
34.9%
Comfrey
34.9%

You're not logged in!

Compare scores with friends on all Sporcle quizzes.
Join for Free
OR
Log In

You Might Also Like...

Show Comments

Extras

Top Quizzes Today


Score Distribution

Your Account Isn't Verified!

In order to create a playlist on Sporcle, you need to verify the email address you used during registration. Go to your Sporcle Settings to finish the process.

Report this User

Report this user for behavior that violates our Community Guidelines.

Details: